| 000 | 00768nas a2200253 4500 | ||
|---|---|---|---|
| 001 | BR6700039 | ||
| 003 | BR-BrBNA | ||
| 005 | 20231205082235.0 | ||
| 007 | ta | ||
| 008 | 230509b bl.|||p| |||| 00| 00por d | ||
| 040 |
_aBR-BrBNA _bpor _cBiblioteca Nacional de Agricultura |
||
| 041 | _a(Pt) | ||
| 072 | _aF60 | ||
| 100 | 1 | _aSgarbieri, V.C. | |
| 100 | 1 | _aHec, M. | |
| 245 | 1 | _aBioquimica dos compostos fenolicos e adstringencia das frutas | |
| 650 | _aFISIOLOGIA VEGETAL | ||
| 650 | _aBIOQUIMICA VEGETAL | ||
| 650 | _aFRUTA | ||
| 650 | _aANALISE QUIMICA | ||
| 773 | 0 |
_tBoletim do Centro Tropical de Pesquisas e Tecnologia de Alimentos (Brazil) _x _g(Sep 1967), (no. 11) p. 35-60 _wBR6700039 |
|
| 909 |
_a202311 _bLúcia _c55 _dLúcia Elande |
||
| 942 |
_2AGRIS _n0 _cANA |
||
| 999 |
_c90232 _d90232 |
||